Statistics for Capitals of 1-st level subdivisions in Italy from north to south

Click here to take the quiz!

General Stats

  • This quiz has been taken 8 times
  • The average score is 17 of 20

Answer Stats

Latitude (DD)Answer% Correct
744.49Bologna
100%
445.46Milano
100%
1640.85Napoli
100%
2038.12Palermo
100%
645.07Torino
100%
545.43Venezia
100%
1043.62Ancona
86%
245.74Aosta
86%
1541.13Bari
86%
1839.22Cagliari
86%
943.77Firenze
86%
844.41Genova
86%
1341.90Roma
86%
146.07Trento
86%
345.65Trieste
86%
1441.56Campobasso
71%
1938.91Catanzaro
71%
1242.35L'Aquila
71%
1143.11Perugia
71%
1740.64Potenza
71%

Score Distribution

Percentile by Number Answered

Percent of People with Each Score

Your Score History

You have not taken this quiz